[Event "KGZ-ch (Women)"]
[Site "Bishkek"]
[Date "2023.05.05"]
[Round "8"]
[White "Sovetbekova, Nurai"]
[Black "Omurbekova, Diana"]
[Result "1-0"]
[WhiteElo "1764"]
[BlackElo "1782"]
[PlyCount "99"]
[EventDate "2023.04.28"]
[EventType "tourn"]
[EventRounds "11"]
[EventCountry "KGZ"]
[SourceTitle "CBM 214 Extra"]
[Source "ChessBase"]
[SourceDate "2023.07.31"]
[SourceVersion "1"]
[SourceVersionDate "2023.07.31"]
[SourceQuality "1"]

1. d4 Nf6 2. c4 g6 3. Nc3 Bg7 4. e4 d6 5. Nf3 0-0 6. Bd3 Na6 7. 0-0 e5 8. d5 Nc5 9. Bc2 a5 10. a3 Ne8 11. Rb1 f5 12. exf5 Bxf5 13. Bxf5 Rxf5 14. b4 Nd7 15. Ne4 b6 16. Bg5 Qb8 17. Qd2 axb4 18. axb4 Rf7 19. Be3 Bf8 20. Ra1 Ng7 21. Qb2 Rxa1 22. Rxa1 Nf5 23. Nfg5 Re7 24. Qd2 Nd4 25. Re1 Bg7 26. Nc3 Qe8 27. h3 h6 28. Nge4 Nf5 29. Nb5 Nf8 30. Ra1 Nxe3 31. Qxe3 Rd7 32. Ra7 Qf7 33. Ra8 Kh7 34. Ra7 g5 35. Qd3 Ng6 36. Ng3 e4 37. Qxe4 Re7 38. Qf5 Qe8 39. Rxc7 Rxc7 40. Nxc7 Qe1+ 41. Kh2 Qxb4 42. Ne8 Qc3 43. Qd7 Qe5 44. Nxg7 Qxg7 45. Qxd6 Ne5 46. Qe6 Nd3 47. Qxb6 Qf7 48. Qb1 Qg6 49. Qc2 h5 50. Nxh5 1-0

[Event "KGZ-ch (Women)"]
[Site "Bishkek"]
[Date "2023.05.04"]
[Round "7"]
[White "Omurbekova, Diana"]
[Black "Sezdbekova, Aizhan"]
[Result "1/2-1/2"]
[WhiteElo "1782"]
[BlackElo "1622"]
[PlyCount "108"]
[EventDate "2023.04.28"]
[EventType "tourn"]
[EventRounds "11"]
[EventCountry "KGZ"]
[SourceTitle "CBM 214 Extra"]
[Source "ChessBase"]
[SourceDate "2023.07.31"]
[SourceVersion "1"]
[SourceVersionDate "2023.07.31"]
[SourceQuality "1"]

1. e4 e5 2. Nf3 Nc6 3. Bb5 a6 4. Ba4 Nf6 5. 0-0 Be7 6. Re1 b5 7. Bb3 0-0 8. a4 b4 9. d4 d6 10. dxe5 Nxe5 11. Nxe5 dxe5 12. Qxd8 Rxd8 13. Nd2 Bb7 14. Nc4 Bxe4 15. Nxe5 Bd5 16. Bg5 Bxb3 17. cxb3 Nd5 18. Bxe7 Nxe7 19. Rac1 Rac8 20. Nc6 Nxc6 21. Rxc6 g6 22. g3 Rd2 23. Rxa6 Rxb2 24. Re3 Rb1+ 25. Kg2 Rc1 26. Ra7 Rc3 27. Rb7 c5 28. Ree7 Rf8 29. Rec7 Rxb3 30. Rxc5 Ra3 31. Rxb4 Ra8 32. Rcc4 h5 33. h3 Kg7 34. g4 hxg4 35. hxg4 Ra6 36. g5 Ra5 37. f4 Ra7 38. Rc6 R3xa4 39. Rxa4 Rxa4 40. Kf3 Rb4 41. Rd6 Ra4 42. Ke3 Ra1 43. Rd4 Re1+ 44. Kd3 Rd1+ 45. Ke4 Rxd4+ 46. Kxd4 Kf8 47. Ke4 Kg8 48. Ke5 Kg7 49. Kd6 Kf8 50. Kd7 Kg7 51. Ke7 Kg8 52. Ke8 Kg7 53. Ke7 Kg8 54. Ke8 Kg7 1/2-1/2

[Event "KGZ-ch (Women)"]
[Site "Bishkek"]
[Date "2023.04.28"]
[Round "1"]
[White "Abaeva, Aiana"]
[Black "Omurbekova, Diana"]
[Result "1-0"]
[WhiteElo "1662"]
[BlackElo "1782"]
[PlyCount "81"]
[EventDate "2023.04.28"]
[EventType "tourn"]
[EventRounds "11"]
[EventCountry "KGZ"]
[SourceTitle "CBM 214 Extra"]
[Source "ChessBase"]
[SourceDate "2023.07.31"]
[SourceVersion "1"]
[SourceVersionDate "2023.07.31"]
[SourceQuality "1"]

1. d4 Nf6 2. g3 g6 3. Bg2 Bg7 4. Nf3 0-0 5. 0-0 d6 6. Re1 Ne4 7. Nbd2 Nxd2 8. Bxd2 Nc6 9. Bc3 e5 10. dxe5 dxe5 11. Qxd8 Rxd8 12. Rad1 Rxd1 13. Rxd1 Bf5 14. Rd2 f6 15. e3 Kf7 16. Ne1 Nd8 17. Nd3 Bf8 18. e4 Be6 19. f4 exf4 20. gxf4 c6 21. a3 Rc8 22. Bf3 c5 23. Kg2 Nc6 24. e5 f5 25. Nf2 b5 26. b3 h6 27. h4 Be7 28. Kg3 g5 29. hxg5 hxg5 30. Bh5+ Kg7 31. fxg5 Rh8 32. Bf3 Nd8 33. Nh3 Nf7 34. g6 Ng5 35. Nxg5 Bxg5 36. Rd6 f4+ 37. Kg2 Bh3+ 38. Kg1 Re8 39. Be4 Bg4 40. e6+ Kg8 41. e7 1-0

[Event "Cheliabinsk Panchenko Memorial op-B"]
[Site "Cheliabinsk"]
[Date "2022.09.14"]
[Round "3"]
[White "Baisalova, Aigul"]
[Black "Omurbekova, Diana"]
[Result "0-1"]
[WhiteElo "1884"]
[BlackElo "1740"]
[PlyCount "80"]
[EventDate "2022.09.12"]
[EventType "swiss"]
[EventRounds "10"]
[EventCountry "RUS"]
[SourceTitle "CBM 210 Extra"]
[Source "ChessBase"]
[SourceDate "2022.11.30"]
[SourceVersion "1"]
[SourceVersionDate "2022.11.30"]
[SourceQuality "1"]

1. e4 e5 2. Nf3 Nc6 3. d4 exd4 4. Nxd4 Bc5 5. Nxc6 Qf6 6. Qd2 dxc6 7. Bd3 Be6 8. 0-0 0-0-0 9. Qg5 Bd4 10. Qxf6 Nxf6 11. Nd2 c5 12. Be2 Bxb2 13. Bxb2 Rxd2 14. Bd3 c4 15. Bc3 Rxd3 16. cxd3 cxd3 17. f3 Rd8 18. Rfd1 Ne8 19. Kf2 c5 20. Ke3 Bc4 21. a4 b6 22. g4 Ba6 23. h4 g6 24. Be5 Nd6 25. Kf4 Nc4 26. Bc3 h6 27. Ra2 Kb7 28. Bg7 Na5 29. Bxh6 Nb3 30. Ke5 c4 31. Rb2 Nc5 32. Bd2 Nxa4 33. Ra2 b5 34. Rb1 Kc6 35. Rc1 Nc5 36. Bc3 Rd6 37. h5 gxh5 38. gxh5 Bc8 39. Rxa7 d2 40. Rd1 Nd3# 0-1

[Event "Cheliabinsk Variation-B"]
[Site "Cheliabinsk"]
[Date "2022.04.06"]
[Round "6"]
[White "Komissarova, Soigina"]
[Black "Omurbekova, Diana"]
[Result "0-1"]
[WhiteElo "2001"]
[BlackElo "1769"]
[PlyCount "106"]
[EventDate "2022.04.01"]
[EventType "swiss"]
[EventRounds "9"]
[EventCountry "RUS"]
[SourceTitle "CBM 207 Extra"]
[Source "ChessBase"]
[SourceDate "2022.05.31"]
[SourceVersion "1"]
[SourceVersionDate "2022.05.31"]
[SourceQuality "1"]

1. e4 e5 2. Nc3 Nf6 3. d4 exd4 4. Qxd4 Nc6 5. Qd3 Bb4 6. Bd2 0-0 7. 0-0-0 Re8 8. Nge2 a5 9. Bg5 Be7 10. f4 d6 11. h3 Be6 12. Kb1 h6 13. Bxf6 Bxf6 14. g4 b5 15. Qf3 Bxc3 16. Nxc3 b4 17. Nd5 Bxd5 18. exd5 Na7 19. Rg1 Qh4 20. Bd3 Re7 21. g5 Rae8 22. Rg4 Qh5 23. gxh6 Qxh6 24. Qf2 Re3 25. Rdg1 Nc8 26. Rxg7+ Qxg7 27. Rxg7+ Kxg7 28. a4 b3 29. Kc1 Nb6 30. Qh4 Rh8 31. Qg5+ Kf8 32. f5 Rhxh3 33. Qd8+ Re8 34. Qg5 Nxd5 35. Qg2 Re1+ 36. Kd2 Rd1+ 37. Kxd1 Ne3+ 38. Kd2 Nxg2 39. cxb3 Nf4 40. Bc2 Ke7 41. f6+ Kxf6 42. b4 axb4 43. a5 Ke5 44. Ba4 Kd5 45. Be8 Rh2+ 46. Kc1 Nd3+ 47. Kd1 Nxb2+ 48. Kc1 Nd3+ 49. Kd1 Ne5 50. Ba4 Rh8 51. Bb5 c5 52. a6 c4 53. a7 Ra8 0-1

[Event "Cheliabinsk Variation-B"]
[Site "Cheliabinsk"]
[Date "2022.04.05"]
[Round "5"]
[White "Zvereva, Margarita"]
[Black "Omurbekova, Diana"]
[Result "0-1"]
[WhiteElo "2058"]
[BlackElo "1769"]
[PlyCount "90"]
[EventDate "2022.04.01"]
[EventType "swiss"]
[EventRounds "9"]
[EventCountry "RUS"]
[SourceTitle "CBM 207 Extra"]
[Source "ChessBase"]
[SourceDate "2022.05.31"]
[SourceVersion "1"]
[SourceVersionDate "2022.05.31"]
[SourceQuality "1"]

1. e4 e5 2. Nf3 Nc6 3. Bc4 Nf6 4. d3 Bc5 5. 0-0 d6 6. c3 a6 7. Bb3 0-0 8. h3 h6 9. Nbd2 Ba7 10. Re1 Ne7 11. Nf1 Ng6 12. Ng3 c6 13. d4 Re8 14. Qc2 Qc7 15. Be3 c5 16. a4 c4 17. Ba2 Bd7 18. Rad1 Rec8 19. Nf5 exd4 20. Bxd4 Bxd4 21. Rxd4 Bxf5 22. exf5 Ne5 23. Nxe5 dxe5 24. Rxc4 Qe7 25. Qe2 Re8 26. Rb4 Rad8 27. Rd1 Rxd1+ 28. Qxd1 e4 29. Qe2 Qd7 30. Qe3 b5 31. Qc5 Rc8 32. Qb6 Rc6 33. Qb8+ Rc8 34. Qe5 Re8 35. Qd4 Qxf5 36. Qa7 Nd7 37. Qxa6 e3 38. fxe3 Rxe3 39. Qxb5 Re1+ 40. Kh2 Ne5 41. Qd5 Qf2 42. Rb8+ Kh7 43. Bb1+ g6 44. Rb4 Qg1+ 45. Kg3 Re3+ 0-1

[Event "Cheliabinsk Variation-B"]
[Site "Cheliabinsk"]
[Date "2022.04.04"]
[Round "4"]
[White "Omurbekova, Diana"]
[Black "Zagrebina, Marina"]
[Result "1-0"]
[WhiteElo "1769"]
[BlackElo "1477"]
[PlyCount "35"]
[EventDate "2022.04.01"]
[EventType "swiss"]
[EventRounds "9"]
[EventCountry "RUS"]
[SourceTitle "CBM 207 Extra"]
[Source "ChessBase"]
[SourceDate "2022.05.31"]
[SourceVersion "1"]
[SourceVersionDate "2022.05.31"]
[SourceQuality "1"]

1. e4 e5 2. Nf3 Nc6 3. Bc4 Bc5 4. 0-0 Nf6 5. d4 exd4 6. e5 Ng8 7. c3 d5 8. exd6 Bxd6 9. Re1+ Nge7 10. Ng5 0-0 11. Qh5 h6 12. Nxf7 Rxf7 13. Bxf7+ Kf8 14. cxd4 Nxd4 15. Nc3 Nc2 16. Bxh6 gxh6 17. Rxe7 Bxe7 18. Qg6 1-0

[Event "UKR-KGZ Match"]
[Site "Tornelo INT"]
[Date "2021.02.14"]
[Round "2.8"]
[White "Berdnyk, Mariia"]
[Black "Omurbekova, Diana"]
[Result "1-0"]
[WhiteElo "2289"]
[BlackElo "1814"]
[PlyCount "51"]
[EventDate "2021.02.14"]
[EventType "team-match (rapid)"]
[EventRounds "2"]
[EventCountry "UKR"]
[SourceTitle "CBM 200 Extra"]
[Source "ChessBase"]
[SourceDate "2021.03.31"]
[SourceVersion "1"]
[SourceVersionDate "2021.03.31"]
[SourceQuality "1"]
[WhiteTeam "Ukraine"]
[BlackTeam "Kyrgyzstan"]
[WhiteTeamCountry "UKR"]
[BlackTeamCountry "KGZ"]

1. d4 Nf6 2. c4 c5 3. d5 e6 4. Nc3 exd5 5. cxd5 d6 6. g3 g6 7. Bg2 Bg7 8. Nf3 0-0 9. 0-0 Re8 10. Bf4 Ne4 11. Nxe4 Rxe4 12. Nd2 Rb4 13. a3 Rxf4 14. gxf4 Bxb2 15. Rb1 Bg7 16. e4 Nd7 17. Nc4 Qf6 18. Qf3 Bh6 19. e5 dxe5 20. fxe5 Qh4 21. e6 Nf6 22. exf7+ Kf8 23. Rfe1 Bf5 24. Nd6 Bxb1 25. Re8+ Kg7 26. f8Q# 1-0

[Event "Asia-ch Universities (Women)"]
[Site "Chess.com INT"]
[Date "2020.12.16"]
[Round "4"]
[White "Azhar, Puteri Rifqah Fahad"]
[Black "Omurbekova, Diana"]
[Result "1/2-1/2"]
[WhiteElo "1783"]
[BlackElo "1658"]
[PlyCount "108"]
[EventDate "2020.12.15"]
[EventType "swiss"]
[EventRounds "9"]
[EventCountry "IRI"]
[SourceTitle "EXT 2022"]
[Source "ChessBase"]
[SourceDate "2021.10.06"]
[SourceVersion "1"]
[SourceVersionDate "2021.10.06"]
[SourceQuality "1"]

1. d4 Nf6 2. Nf3 g6 3. c4 Bg7 4. Nc3 0-0 5. e4 d6 6. h3 e5 7. Bg5 Na6 8. Qd2 c6 9. Be2 Qc7 10. 0-0 Re8 11. dxe5 dxe5 12. Rad1 Nc5 13. Qc2 Ne6 14. Be3 Nf4 15. Bxf4 exf4 16. Rfe1 Nd7 17. Nd4 Ne5 18. Nf3 Be6 19. Nxe5 Bxe5 20. b3 Qa5 21. Nb1 Rad8 22. Bf3 Rd4 23. Rd2 Red8 24. Red1 Qc5 25. Kh2 f5 26. Rxd4 Rxd4 27. Rxd4 Qxd4 28. Kg1 Qa1 29. Kh1 Kf7 30. Kg1 Kf6 31. Kf1 fxe4 32. Bxe4 Bf5 33. Bxf5 gxf5 34. Ke2 h5 35. Kf3 h4 36. Ke2 Qd4 37. Nd2 Bc7 38. Nf3 Qe4+ 39. Qxe4 fxe4 40. Ne1 Kf5 41. Nc2 Be5 42. Ne1 a6 43. Nc2 a5 44. f3 e3 45. Kd3 c5 46. a4 Bb2 47. Ke2 Ke5 48. Kd3 b6 49. Ke2 Bc1 50. Kd3 Bd2 51. Ke2 Bb4 52. Kd3 Bd2 53. Ke2 Bb4 54. Kd3 Bd2 1/2-1/2

[Event "Asia Nations online Cup (Women)"]
[Site "Chess.com INT"]
[Date "2020.10.17"]
[Round "4.5"]
[White "Fronda Pascua, Jan Jodilyn"]
[Black "Omurbekova, Diana"]
[Result "1-0"]
[WhiteElo "2152"]
[BlackElo "1814"]
[PlyCount "51"]
[EventDate "2020.10.11"]
[EventType "team-swiss (rapid)"]
[EventRounds "9"]
[EventCountry "IND"]
[SourceTitle "CBM 198 Extra"]
[Source "ChessBase"]
[SourceDate "2020.11.30"]
[SourceVersion "1"]
[SourceVersionDate "2020.11.30"]
[SourceQuality "1"]
[WhiteTeam "Philippines (W)"]
[BlackTeam "Kyrgyzstan (W)"]
[WhiteTeamCountry "PHI"]
[BlackTeamCountry "KGZ"]

1. e4 e5 2. Nf3 Nc6 3. Bb5 a6 4. Ba4 Nf6 5. Qe2 b5 6. Bb3 Bc5 7. c3 d6 8. d3 h6 9. Nbd2 0-0 10. 0-0 Be6 11. Rd1 Re8 12. Nf1 d5 13. Ng3 d4 14. Bd2 a5 15. Bxe6 Rxe6 16. Rac1 Qf8 17. Nf5 a4 18. cxd4 Nxd4 19. N3xd4 exd4 20. Qf3 Nd7 21. Qg3 Rg6 22. Qxc7 Rc8 23. Qxd7 Kh7 24. Ne7 Rd8 25. Nxg6 f6 26. Nxf8+ 1-0

[Event "Asia Nations online Cup (Women)"]
[Site "Chess.com INT"]
[Date "2020.10.11"]
[Round "1.15"]
[White "Faqeeh, Rahaf"]
[Black "Omurbekova, Diana"]
[Result "0-1"]
[WhiteElo "1432"]
[BlackElo "1814"]
[PlyCount "52"]
[EventDate "2020.10.11"]
[EventType "team-swiss (rapid)"]
[EventRounds "9"]
[EventCountry "IND"]
[SourceTitle "CBM 198 Extra"]
[Source "ChessBase"]
[SourceDate "2020.11.30"]
[SourceVersion "1"]
[SourceVersionDate "2020.11.30"]
[SourceQuality "1"]
[WhiteTeam "Palestine (W)"]
[BlackTeam "Kyrgyzstan (W)"]
[WhiteTeamCountry "PLE"]
[BlackTeamCountry "KGZ"]

1. c4 Nf6 2. g3 g6 3. Bg2 Bg7 4. d3 0-0 5. Nf3 d6 6. 0-0 Nc6 7. Nc3 e5 8. Ng5 h6 9. Nge4 Nxe4 10. Nxe4 f5 11. Nc3 Nd4 12. f4 c6 13. Bd2 Bd7 14. e3 Ne6 15. b4 exf4 16. exf4 Nd4 17. Rb1 Re8 18. Re1 Qf6 19. b5 Rxe1+ 20. Bxe1 Re8 21. a4 Rxe1+ 22. Qxe1 Nc2 23. Qf2 Qxc3 24. bxc6 Bd4 25. Qxd4 Qxd4+ 26. Kh1 Bxc6 0-1

[Event "Olympiad Women-43"]
[Site "Batumi"]
[Date "2018.10.01"]
[Round "7.55"]
[White "Ayiku, Angela Naa Amerley"]
[Black "Omurbekova, Diana"]
[Result "0-1"]
[WhiteElo "1439"]
[BlackElo "1877"]
[PlyCount "176"]
[EventDate "2018.09.24"]
[EventType "team-swiss"]
[EventRounds "11"]
[EventCountry "GEO"]
[SourceTitle "EXT 2020"]
[Source "ChessBase"]
[SourceDate "2019.10.17"]
[SourceVersion "1"]
[SourceVersionDate "2019.10.17"]
[SourceQuality "1"]
[WhiteTeam "Ghana (W)"]
[BlackTeam "Kyrgyzstan (W)"]
[WhiteTeamCountry "GHA"]
[BlackTeamCountry "KGZ"]

1. e4 g6 2. Nf3 Bg7 3. Bc4 d6 4. Ng5 e6 5. d4 d5 6. exd5 exd5 7. Bb3 Qe7+ 8. Qe2 Qxe2+ 9. Kxe2 Ne7 10. Nc3 c6 11. Rd1 0-0 12. Kf1 h6 13. Nf3 Bg4 14. Re1 Be6 15. Ne5 Re8 16. Bd2 Nf5 17. Ne2 Nd7 18. Nxd7 Bxd7 19. c3 h5 20. Bc2 Rac8 21. Rad1 Nd6 22. Ng1 Nc4 23. Bc1 Bf8 24. h3 Kg7 25. Bd3 Nd6 26. Nf3 Bf5 27. Bxf5 Nxf5 28. g4 hxg4 29. hxg4 Nd6 30. Kg2 Re4 31. Rxe4 Nxe4 32. Rh1 Be7 33. Bh6+ Kf6 34. Ne5 Rd8 35. f3 Nd6 36. f4 Ke6 37. Re1 Ne4 38. f5+ gxf5 39. gxf5+ Kxf5 40. Rf1+ Ke6 41. Rxf7 c5 42. Rg7 cxd4 43. cxd4 Rc8 44. Nd3 Kf6 45. Kf3 Rh8 46. Bf4 Kxg7 47. Be5+ Kg8 48. Bxh8 Kxh8 49. Nf4 Bd6 50. Nxd5 Nd2+ 51. Ke2 Nc4 52. b3 Na5 53. Nc3 Nc6 54. d5 Ne5 55. Ke3 Kg7 56. Nb5 Bc5+ 57. Ke4 Kf6 58. Nc7 Nf7 59. Ne6 Nd6+ 60. Kf4 Ba3 61. Nc7 Bc1+ 62. Kf3 Ke5 63. Ke2 Ba3 64. Kd3 Bc5 65. Kc3 Bb6 66. Na8 Bd8 67. b4 Kxd5 68. a4 Kc6 69. Kd4 Bf6+ 70. Kd3 b6 71. Nxb6 Kxb6 72. Kc2 Nc4 73. Kb3 Ne3 74. Ka3 Be7 75. Kb3 Nd5 76. Kc4 Nxb4 77. Kb3 Ka5 78. Ka3 Nd3+ 79. Kb3 Nc5+ 80. Ka3 Nxa4+ 81. Kb3 Kb5 82. Ka2 Kb4 83. Kb1 Kb3 84. Ka1 Bf6+ 85. Kb1 Nc3+ 86. Ka1 Nb5+ 87. Kb1 a5 88. Kc1 a4 0-1